000 01284nam a22003857a 4500
001 116
003 FISKH
005 20251219112537.0
008 230228b cb ||||| |||| 00| 0 eng d
010 _a 98036248
020 _a1575420457 (pbk.)
020 _a9781575420455
040 _aDLC
_cDLC
_dDLC
_dFISKH
_beng
042 _alcac
050 0 0 _aBF723.I646
_bR65 1998
082 0 0 _a155.4/1925
_223
100 1 _aRomain, Trevor.
245 1 0 _aCliques, phonies & other baloney /
_cby Trevor Romain.
246 3 _aCliques, phonies, and other baloney
260 _aMinneapolis :
_bFree Spirit,
_c1998.
300 _a129 pages :
_billustrations ;
_c20 cm
505 _aM
520 _aDiscusses cliques, what they are and their negative aspects, and gives advice on forming healthier relationships and friendships.
521 8 _a680
_bLexile
521 8 _aM
_bRaz-Plus
650 0 _aInterpersonal relations in children
_vJuvenile literature.
650 0 _aCliques (Sociology)
_vJuvenile literature.
650 0 _aFriendship in children
_vJuvenile literature.
650 1 _aCliques.
650 1 _aSocial groups.
650 1 _aInterpersonal relations.
650 1 _aFriendship.
906 _a7
_bcbc
_corignew
_d1
_eocip
_f19
_gy-gencatlg
942 _2ddc
_cBK
_n0
999 _c116
_d116